000 00732nam a2200241Ia 4500
003 OSt
005 20250203091624.0
008 210716s2003 xx 000 0 und d
020 _a0070583072
040 _cAIMIT LIBRARY
041 _aeng
082 _a005.7401
_21
_bPRIJ
100 _aPrice, Jason.
_9197029
245 _aOracle9i jdbc programming /
_cBy Jason Price.
250 _a1st ed.
260 _aNew Delhi :
_bTata McGraw Hill Publishing Company Ltd ,
_c2003.
300 _axxi,610 p.;
_bPB
_c24.7 cm.
650 _aBasic jdbc programming
_9197030
650 _aAdvanced jdbc programming
_9197031
650 _apl/sql and jdbc
_9197032
650 _aDatabase objects
_9197033
942 _2ddc
_cBK
_e1st
_k005.7401 PRIJ
999 _c186045
_d186045